Statistics for Taylor Swift - Speak Now (Taylor's Version) (Tracklist)

Click here to take the quiz!

General Stats

  • This quiz has been taken 350 times
  • The average score is 19 of 22

Answer Stats

HintAnswer% Correct
1.Mine (Taylor's Version)
95%
4.Speak Now (Taylor's Version)
94%
5.Dear John (Taylor's Version)
93%
2.Sparks Fly (Taylor's Version)
91%
3.Back To December (Taylor's Version)
90%
9.Enchanted (Taylor's Version)
89%
6.Mean (Taylor's Version)
89%
10.Better Than Revenge (Taylor's Version)
87%
12.Haunted (Taylor's Version)
87%
18.When Emma Falls In Love (Taylor's Version) [From The Vault]
87%
14.Long Live (Taylor's Version)
85%
19.I Can See You (Taylor's Version) [From The Vault]
84%
17.Electric Touch (Taylor's Version) [From The Vault] ft. Fall Out Boy
83%
13.Last Kiss (Taylor's Version)
83%
15.Ours (Taylor's Version)
83%
16.Superman (Taylor's Version)
83%
20.Castles Crumbling (Taylor's Version) [From The Vault] ft. Hayley Williams
82%
11.Innocent (Taylor's Version)
82%
22.Timeless (Taylor's Version) [From The Vault]
81%
7.The Story Of Us (Taylor's Version)
80%
8.Never Grow Up (Taylor's Version)
77%
21.Foolish One (Taylor's Version) [From The Vault]
75%

Score Distribution

Percentile by Number Answered

Percent of People with Each Score

Your Score History

You have not taken this quiz